Managing agency system : (Record no. 516894)

000 -LEADER
fixed length control field 00270nam a22000977a 4500
082 ## - DEWEY DECIMAL CLASSIFICATION NUMBER
Classification number TNC T3100 299
100 ## - MAIN ENTRY--PERSONAL NAME
Personal name Basu, S.K.
9 (RLIN) 23727
245 ## - TITLE STATEMENT
Title Managing agency system :
Remainder of title In prospect and retrospect
Statement of responsibility, etc By S.K. Basu
260 ## - PUBLICATION, DISTRIBUTION, ETC. (IMPRINT)
Place of publication, distribution, etc Calcutta
Name of publisher, distributor, etc World Press
Date of publication, distribution, etc 1958
300 ## - PHYSICAL DESCRIPTION
Extent 222p.
Holdings
Withdrawn status Lost status Source of classification or shelving scheme Damaged status Koha normalized classification for sorting Not for loan Permanent location Current location Date acquired Full call number Barcode Date last seen Price effective from Koha item type
        TNC_T3100_299_000000000000000   Indian Institute of Public Administration Indian Institute of Public Administration 2021-03-22 TNC T3100 299 GR23366 2021-03-22 2021-03-22 GR

Powered by Koha